Statistics for Main Series Ace Attorney Prosecutors And Defense Lawyers

Click here to take the quiz!

General Stats

  • This quiz has been taken 38 times
  • The average score is 13 of 14

Answer Stats

GenderDebut CaseAnswer% Correct
FemaleReunion, And TurnaboutFranziska Von Karma
100%
MaleTurnabout CountdownGaspen Payne
100%
MaleThe Stolen TurnaboutGodot
100%
FemaleTurnabout MemoriesMia Fey
100%
MaleThe First TurnaboutPhoenix Wright
100%
MaleThe First TurnaboutWinston Payne
100%
MaleTurnabout CornerKlavier Gavin
97%
MaleTurnabout GoodbyesManfred Von Karma
97%
MaleTurnabout SistersMiles Edgeworth
97%
MaleTurnabout TrumpApollo Justice
93%
FemaleTurnabout AcademyAthena Cykes
93%
MaleThe Monstrous TurnaboutSimon Blackquill
90%
MaleThe Magical TurnaboutNahyuta Sahdmadhi
80%
FemaleTurnabout RevolutionGa’ran Sigatar Khura’in
63%

Score Distribution

Percentile by Number Answered

Percent of People with Each Score

Your Score History

You have not taken this quiz